00567nam a2200205 a 4500001001300000003000900013005001700022008004100039020002300080082001500103100003000118245004900148260005200197300000900249500003500258505001000293650002400303700002000327700001400347nice12345678IN_TiNIC20260116013605.0050524s1988 bera grp 000 0 eng  a0520202 c79900a200.1bHEG aHegel, George W Friedrich aHegel Lectures on the Philosophy of Religion aBerkeleybUniversity of California Press c1988 a552p aincludes index and biblioraphy2 aIndex aReligion-Philosophy1 aPeter C Hodgson1 aR F Brown